British Actors: When They Were Teenagers - Photo Quiz - Statistics

General Stats
  • This quiz has been taken 64 times
  • The average score is 8 of 20
Answer Stats
Picture Hint Answer % Correct
Born 1989 Daniel Radcliffe
85%
Born 1932 Elizabeth Taylor
81%
Born 1985 Keira Knightley
81%
Born 1970 Warwick Davis
65%
Born 1961 Nicholas Lyndhurst
61%
Born 1946 Hayley Mills
54%
Born 1952 Jenny Agutter
46%
Born 1974 (Has UK/USA Citizenship) Christian Bale
44%
Born 1963 Todd Carty
41%
Born 1964 Bonnie Langford
35%
Born 1942 Rita Tushingham
31%
Born 1968 Adam Woodyatt
30%
Born 1981 Russell Tovey
30%
Born 1950 Jack Wild
28%
Born 1946 Jane Asher
20%
Born 1929 Jean Simmons
20%
Born 1976 Anna Friel
19%
Born 1925 George Cole
19%
Born 1948 Dennis Waterman
11%
Born 1931 Diana Dors
7%
No matching quizzes found
Score Distribution
Percent of People with Each Score
Percentile by Number Answered
Your Score History
You have not taken this quiz